Представление документа в формате RUSMARC

ПолеНазваниеЗначение
  Тип записи a
  Библиографический уровень m
001 Контрольный номер RU/УОНБ/EK_N/382016495
005 Дата корректировки 20240130235102.5
010 Индекс ISBN __
9 Тираж 2000 экз.
013 Номер (ISMN) __
a Номер (ISMN) 978-5-222-17316-9
d Цена 195 р. 40 к.
100 Данные общей обработки __
a Данные общей обработки 20120208d2010 u y0rusy0189||||ca
101 Язык документа 0_
a Язык текста rus
102 Страна публикации __
a Страна публикации RU
105 Кодированные данные (монография) __
a Кодированные данные (монография) y###||||000|y
125 Кодированные данные звукозаписи и нотных изданий __
a Форма изложения нотного текста с|
128 Кодированные данные (звукозаписи-физические характеристики) __
a Кодированные данные: Музыкальная форма и тональность или лад zz
c Инструменты или голоса, рекомендуемые для солистов (устаревшее) ka||
200 Заглавие и сведения об ответственности 1_
a Заглавие Вып. 3
205 Сведения об издании __
a Основные сведения об издании Изд. 2
210 Выходные данные 1_
d Дата издания 2010
215 Физическое описание __
a Объем 144 c.
327 Примечание о содержании 11
a Примечание о содержании Содерж. : Корелли А. Фолия. - Куперен Ф. Кукушка. - Вивальди А. Ларго. - Бетховен Л. Прощание с фортепиано. - Шуберт Ф. Неоконченная симфония : отрывок из 1 ч. - Шопен Ф. Ноктюрн. - Шуман Р. Киарина : из "Карнавала". - Брамс И. Венгерский танец № 5. - Сен-Санс К. Лебедь. - Мусоргский М. Старый замок : из цикла "Картинки с выставки". - Чайковский П. Неаполитанская песня. - Глинка М. В крови горит огонь желанья : романс. - Шуман Р. В сиянье теплых майских дней. - Шопен Ф. Колечко. - Дебюсси К. Романс. - Карозоне Р. Гондоли, гондола. - Санта Лючия : неаполит. нар. песня. - Бородин А. Пляска половецких девушек : из оперы "Князь Игорь". - Вебер К. М. Хор охотников : из оперы "Вольный стрелок". - Гуно Ш. Куплеты Мефистофеля : из оперы "Фауст". - Верди Дж. Сцена : из оперы "Риголетто". - Верди Дж. Ария Виолетты : из оперы "Травиата". - Вагнер Р. Свадебный хор : из оперы "Лоэнгрин". - Леонкавалло Р. Ариозо Канио : из оперы "Паяцы". - Оффенбах Ж. Галоп (Канкан) : из комич. оперы "Орфей в аду". - Оффенбах Ж. Баркарола : из оперы "Сказки Гофмана". - Чайковский П. Вальс цветов : из балета "Щелкунчик". - Штраус-сын И. У прекрасного голубого Дуная : вальс. - Годар Б. Вальс. - Джойс А. Воспоминание. - Вильельдо А. Эль-Чокло : аргентинское танго. - Петербургский Е. Утомленное солнце. - Строк О. О, эти черные глаза. - Хенди У. Сен-Луи : блюз. - Питерсон О. Церемониальный марш : из сюиты "Кандиана". - Герман Дж. Хелло, Долли! - Эллингтон Д. Верь только мне. - Лист Ф. Венгерская рапсодия № 2.
461 Уровень набора _0
1 001RU/УОНБ/EK_N/381926202
1 200
a От классики до джаза
b [Ноты]
e любимые мелодии для фп.
f сост. Н. Сазонова
v Вып. 3
1 210
a Ростов-на-Дону
c Феникс
d 2010
1 225
a Любимые мелодии
464 Аналитический уровень _0
1 2001
a Фолия
1 700 1
a Корелли
b А.
4 230
464 Аналитический уровень _0
1 2001
a Кукушка
1 700 1
a Куперен
b Ф.
4 230
464 Аналитический уровень _0
1 2001
a Ларго
1 700 1
a Вивальди
b А.
4 230
464 Аналитический уровень _0
1 2001
a Прощание с фортепиано
1 700 1
a Бетховен
b Л.
4 230
464 Аналитический уровень _0
1 2001
a Неоконченная симфония
e отрывок из 1 ч.
1 700 1
a Шуберт
b Ф.
4 230
464 Аналитический уровень _0
1 2001
a Ноктюрн
1 700 1
a Шопен
b Ф.
4 230
464 Аналитический уровень _0
1 2001
a Киарина
e из "Карнавала"
1 700 1
a Шуман
b Р.
4 230
1 50010
a Карнавал
464 Аналитический уровень _0
1 2001
a Венгерский танец № 5
1 700 1
a Брамс
b И.
4 230
464 Аналитический уровень _0
1 2001
a Лебедь
1 700 1
a Сен-Санс
b К.
4 230
464 Аналитический уровень _0
1 2001
a Старый замок
e из цикла "Картинки с выставки"
1 700 1
a Мусоргский
b М.
4 230
1 50010
a Картинки с выставки
464 Аналитический уровень _0
1 2001
a Неаполитанская песня
1 700 1
a Чайковский
b П.
4 230
464 Аналитический уровень _0
1 2001
a В крови горит огонь желанья
e романс
1 700 1
a Глинка
b М.
4 230
464 Аналитический уровень _0
1 2001
a В сиянье теплых майских дней
1 700 1
a Шуман
b Р.
4 230
464 Аналитический уровень _0
1 2001
a Колечко
1 700 1
a Шопен
b Ф.
4 230
464 Аналитический уровень _0
1 2001
a Романс
1 700 1
a Дебюсси
b К.
4 230
464 Аналитический уровень _0
1 2001
a Гондоли, гондола
1 700 1
a Карозоне
b Р.
4 230
464 Аналитический уровень _0
1 2001
a Санта Лючия
e неаполит. нар. песня
464 Аналитический уровень _0
1 2001
a Пляска половецких девушек
e из оперы "Князь Игорь"
1 700 1
a Бородин
b А.
4 230
1 50010
a Князь Игорь
464 Аналитический уровень _0
1 2001
a Хор охотников
e из оперы "Вольный стрелок"
1 700 1
a Вебер
b К. М.
4 230
1 50010
a Вольный стрелок
464 Аналитический уровень _0
1 2001
a Куплеты Мефистофеля
e из оперы "Фауст"
1 700 1
a Гуно
b Ш.
4 230
1 50010
a Фауст
464 Аналитический уровень _0
1 2001
a Сцена
e из оперы "Риголетто"
1 700 1
a Верди
b Дж.
4 230
1 50010
a Риголетто
464 Аналитический уровень _0
1 2001
a Ария Виолетты
e из оперы "Травиата"
1 700 1
a Верди
b Дж.
4 230
1 50010
a Травиата
464 Аналитический уровень _0
1 2001
a Свадебный хор
e из оперы "Лоэнгрин"
1 700 1
a Вагнер
b Р.
4 230
1 50010
a Лоэнгрин
464 Аналитический уровень _0
1 2001
a Ариозо Канио
e из оперы "Паяцы"
1 700 1
a Леонкавалло
b Р.
4 230
1 50010
a Паяцы
464 Аналитический уровень _0
1 2001
a Галоп
e Канкан
e из комич. оперы "Орфей в аду"
1 700 1
a Оффенбах
b Ж.
4 230
1 50010
a Орфей в аду
464 Аналитический уровень _0
1 2001
a Баркарола
e из оперы "Сказки Гофмана"
1 700 1
a Оффенбах
b Ж.
4 230
1 50010
a Сказки Гофмана
464 Аналитический уровень _0
1 2001
a Вальс цветов
e из балета "Щелкунчик"
1 700 1
a Чайковский
b П.
4 230
1 50010
a Щелкунчик
464 Аналитический уровень _0
1 2001
a У прекрасного голубого Дуная
e вальс
1 700 1
a Штраус-сын
b И.
4 230
464 Аналитический уровень _0
1 2001
a Вальс
1 700 1
a Годар
b Б.
4 230
464 Аналитический уровень _0
1 2001
a Воспоминание
1 700 1
a Джойс
b А.
4 230
464 Аналитический уровень _0
1 2001
a Эль-Чокло
e аргентинское танго
1 700 1
a Вильельдо
b А.
4 230
464 Аналитический уровень _0
1 2001
a Утомленное солнце
1 700 1
a Петербургский
b Е.
4 230
464 Аналитический уровень _0
1 2001
a О, эти черные глаза
1 700 1
a Строк
b О.
4 230
464 Аналитический уровень _0
1 2001
a Сен-Луи
e блюз
1 700 1
a Хенди
b У.
4 230
464 Аналитический уровень _0
1 2001
a Церемониальный марш
e из сюиты "Кандиана"
1 700 1
a Питерсон
b О.
4 230
1 50010
a Кандиана
464 Аналитический уровень _0
1 2001
a Хелло, Долли!
1 700 1
a Герман
b Дж.
4 230
464 Аналитический уровень _0
1 2001
a Венгерская рапсодия № 2
1 700 1
a Лист
b Ф.
4 230
464 Аналитический уровень _0
1 2001
a Верь только мне
1 700 1
a Эллингтон
b Д.
4 230
606 Тематические рубрики 0_
a Основная рубрика Фортепиано
610 Ключевые слова 0_
a Ключевые слова фортепиано
686 Индексы других классификаций __
a Классификационный индекс 85.954.2-058.8я43
2 Код системы rubbk
801 Источник записи _0
a Страна RU
b Организация Ульяновская ОНБ
c Дата составления 20120208
g Правила каталогизации RCR
801 Источник записи _1
a Страна RU
b Организация Ульяновская ОНБ
c Дата составления 20120208
g Правила каталогизации RCR
901 Тип документа __
t Тип документа n
w Контрольный № источника RU/УОНБ/EK_N/381926202
909 Создатель записи __
a Создатель записи Лобина Л. И.
938 Служебная информация __
a Имя БД noti
b Имя библиотеки УОНБ
c Имя АИБС МАРК-SQL
d Номер DOC_ID в БД 9559